Second Cities of Europe - Statistics

General Stats
  • This quiz has been taken 2,615 times
    157 since last reset
  • The average score is 25 of 44
Answer Stats
Country Largest City (Metro) Second City (Metro) % Correct
Spain Madrid Barcelona
89%
Italy Milan Naples
89%
Belgium Brussels Antwerp
86%
Portugal Lisbon Porto
86%
Netherlands The Hague Rotterdam
86%
Russia Moscow Saint Petersburg
86%
Germany Ruhr Berlin
85%
France Paris Lyon
85%
United Kingdom London Manchester
84%
Greece Athens Thessaloniki
83%
Ireland Dublin Cork
81%
Croatia Zagreb Split
81%
Austria Vienna Graz
79%
Sweden Stockholm Gothenburg
78%
Norway Oslo Bergen
77%
Denmark Copenhagen Aarhus
76%
Liechtenstein Schaan Vaduz
73%
Ukraine Kiev Kharkiv
72%
Switzerland Zürich Basel
68%
Finland Helsinki Tampere
60%
Lithuania Vilnius Kaunas
59%
Bulgaria Sofia Plovdiv
57%
Poland Warsaw Katowice
54%
Slovakia Bratislava Košice
54%
Slovenia Ljubljana Maribor
54%
Hungary Budapest Debrecen
53%
Albania Tirana Durrës
52%
Moldova Chişinău Tiraspol
50%
Bosnia and Herzegovina Sarajevo Banja Luka
49%
Czech Republic Prague Ostrava
48%
Belarus Minsk Gomel
45%
Serbia Belgrade Niš
45%
Estonia Tallinn Tartu
45%
Latvia Riga Daugavpils
40%
Romania Bucharest Iași
35%
Malta Valletta Mosta
31%
Luxembourg Luxembourg City Esch-sur-Alzette
26%
Kosovo Pristina Prizren
25%
Montenegro Podgorica Nikšić
21%
North Macedonia Skopje Bitola
19%
Andorra Andorra la Vella Les Escaldes
13%
Iceland Reykjavík Kópavogur
12%
San Marino Dogana Borgo Maggiore
6%
Monaco Monte Carlo La Condamine
5%
No matching quizzes found
Score Distribution
Percent of People with Each Score
Percentile by Number Answered
Your Score History
You have not taken this quiz since the last reset